00966nam a2200289 a 450000100080000000500110000800800410001910000250006024500390008526000230012430000100014749000330015752002660019065000110045665000110046765000090047865000280048765000200051565000150053565300310055065300170058165300200059865300110061865300120062965300270064165300080066813814542010-09-07 1985 bl uuuu u0uu1 u #d1 aREZENDE, C. A. P. de aUso de bovinos em tração animal. aLavras: ESALc1985 a13 p. a(ESAL. Boletim técnico, 7). aCapacidade de trabalho; Cuidados com os animais e higiene; Vantagens e desvantagens do uso dos bovinos para tracao; Criterios para escolha dos animais; Alimentacao; Cangas e anel nasal; Adestramento; Duracao; Programa de treinamento; Observacoes de ordem geral. acattle aBovino aGado aMecanização Agrícola aTração Animal aTransporte aAgricultural mechanization aAnimal power aAnimal traction aBovine aBovinos aCapacidade de trabalho aUso